Pays qui bordent l'Océan Indien - Mort subite - Statistiques

Statistiques générales
  • Ce quiz a été pris 155 fois
  • Le résultat moyen est 5 sur 9
Answers on the Grid
Answers color-coded by a green-red scale on the quiz's grid according to % correct below.
Afghanistan
Inde
Angola
Vanuatu
Myanmar
Mozambique
Égypte
Éthiopie
Philippines
Sri Lanka
Seychelles
Somalie
Madagascar
Malte
Indonésie
 
Statistiques - réponses
Réponse % Correct
Inde
90%
Seychelles
64%
Madagascar
63%
Sri Lanka
63%
Mozambique
59%
Indonésie
57%
Myanmar
57%
Somalie
51%
Égypte
17%
Aucun quiz correspondant
Distribution des résultats
% des personnes avec chaque résultat
Percentile par nombre de réponses
Votre historique - résultats
Vous n’avez pas pris ce quiz